[Event "FICGS rapid A 000119 email"]
[Site "FICGS email"]
[Date "2011.12.19"]
[Round "1"]
[White "Ould Ahmed, Samy"]
[Black "Andrucis, Maris"]
[Result "0-1"]
[WhiteElo "1947"]
[BlackElo "1913"]
[PlyCount "48"]
[EventDate "2011.??.??"]
[EventType "tourn (rapid)"]
[SourceTitle "Corr 2022"]
[Source "ChessBase"]
[SourceDate "2021.10.24"]
[SourceVersion "1"]
[SourceVersionDate "2021.10.24"]
[SourceQuality "1"]

1. e4 e6 2. d4 d5 3. Nc3 Nf6 4. e5 Nfd7 5. f4 c5 6. Nf3 Nc6 7. Be3 Be7 8. Qd2 0-0 9. Be2 a6 10. 0-0 b5 11. Nd1 f5 12. c3 Qe8 13. Nf2 Bb7 14. Rab1 Qg6 15. h3 Rab8 16. Kh2 c4 17. Rg1 b4 18. g4 Ba8 19. gxf5 Qxf5 20. Rbf1 Kh8 21. Bd1 Qb1 22. Bb3 Qf5 23. Bc2 Qf7 24. h4 bxc3 0-1

[Event "FICGS rapid A 000117 email"]
[Site "FICGS email"]
[Date "2011.11.04"]
[Round "1"]
[White "Andrucis, Maris"]
[Black "Simashkevitch, Mykola"]
[Result "1/2-1/2"]
[WhiteElo "1913"]
[BlackElo "2043"]
[PlyCount "61"]
[EventDate "2011.??.??"]
[EventType "tourn (rapid)"]
[SourceTitle "Corr 2022"]
[Source "ChessBase"]
[SourceDate "2021.10.24"]
[SourceVersion "1"]
[SourceVersionDate "2021.10.24"]
[SourceQuality "1"]

1. e4 e5 2. Nf3 Nc6 3. Bb5 a6 4. Ba4 Nf6 5. 0-0 Be7 6. Bxc6 dxc6 7. d3 Nd7 8. Be3 0-0 9. Nbd2 Re8 10. Nc4 Bf6 11. h3 Qe7 12. a4 b6 13. Nh2 Nf8 14. Ng4 Bxg4 15. Qxg4 Rad8 16. Bd2 Ne6 17. Bc3 Nd4 18. Bxd4 Rxd4 19. Ne3 Rdd8 20. h4 a5 21. g3 Qb4 22. Ra2 Re6 23. Kg2 h6 24. Rd1 Qc5 25. Raa1 Qb4 26. Rdb1 Kh7 27. Qe2 Qf8 28. Rf1 Kg8 29. Qg4 Qb4 30. Rfb1 Kh8 31. Qe2 1/2-1/2

[Event "FICGS rapid A 000116 email"]
[Site "FICGS email"]
[Date "2011.10.20"]
[Round "1"]
[White "Andrucis, Maris"]
[Black "Wilhelm, Robert"]
[Result "1-0"]
[WhiteElo "1905"]
[BlackElo "2000"]
[PlyCount "137"]
[EventDate "2011.??.??"]
[EventType "tourn (rapid)"]
[EventRounds "1"]
[SourceTitle "Corr 2013"]
[Source "ChessBase"]
[SourceDate "2012.11.12"]
[SourceVersion "1"]
[SourceVersionDate "2012.11.12"]
[SourceQuality "1"]

1. e4 c5 2. Nc3 d6 3. Nf3 Nf6 4. Bb5+ Nbd7 5. 0-0 a6 6. Bxd7+ Nxd7 7. d4 e6 8. dxc5 Nxc5 9. Bf4 Qb6 10. b3 Be7 11. Qd2 0-0 12. Rad1 Rd8 13. Rfe1 Qc7 14. Re3 b5 15. b4 Nb7 16. Rd3 Bd7 17. a3 Rac8 18. Nd4 Qc4 19. Nde2 Be8 20. Be3 Qc7 21. Nf4 Bf6 22. Nfe2 Be7 23. f4 a5 24. Bd4 axb4 25. axb4 d5 26. Rg3 g6 27. exd5 Nd6 28. Rd3 Nf5 29. Be5 Qb6+ 30. Kh1 f6 31. Bd4 Nxd4 32. Rxd4 e5 33. fxe5 fxe5 34. Re4 Qb8 35. Qd3 Bd7 36. Ng3 Kh8 37. h3 Bd6 38. Re2 Bxb4 39. Nce4 Be6 40. Qf3 Be7 41. d6 Qa7 42. Red2 Bh4 43. d7 Rc7 44. Nh5 b4 45. Nhf6 Qa3 46. Qf1 b3 47. cxb3 Qf8 48. Qa6 Bxb3 49. Qb6 Bxd1 50. Qxc7 Bxf6 51. Rxd1 Be7 52. Kg1 Qf4 53. Nd6 Qa4 54. Rd3 Rf8 55. Nf7+ Rxf7 56. Qxe5+ Kg8 57. d8Q+ Bxd8 58. Rxd8+ Rf8 59. Qe6+ Kg7 60. Rd7+ Kh6 61. Qe7 Rf5 62. Qxh7+ Kg5 63. Qe7+ Kh6 64. Qg7+ Kg5 65. Rd4 Qa1+ 66. Kh2 Rf1 67. Qe5+ Rf5 68. h4+ Kh5 69. Qh8# 1-0

[Event "FICGS rapid A 000115 email"]
[Site "FICGS email"]
[Date "2011.09.25"]
[Round "1"]
[White "Mueller Luedenscheid, Gerdiola"]
[Black "Andrucis, Maris"]
[Result "0-1"]
[WhiteElo "2000"]
[BlackElo "1905"]
[PlyCount "26"]
[EventDate "2011.??.??"]
[EventType "tourn (rapid)"]
[EventRounds "6"]
[SourceTitle "Corr 2013"]
[Source "ChessBase"]
[SourceDate "2012.11.12"]
[SourceVersion "1"]
[SourceVersionDate "2012.11.12"]
[SourceQuality "1"]

1. e4 e5 2. Nf3 Nf6 3. Nxe5 d6 4. Nf3 Nxe4 5. Nc3 Nxc3 6. dxc3 Be7 7. Bf4 0-0 8. Qd2 Nd7 9. 0-0-0 Nc5 10. Bc4 Bf5 11. Kb1 c6 12. Rhe1 d5 13. Bd3 Nxd3 0-1

[Event "FICGS rapid B 000185 email"]
[Site "FICGS email"]
[Date "2011.08.16"]
[Round "1"]
[White "Andrucis, Maris"]
[Black "Rogers, Michael"]
[Result "1-0"]
[WhiteElo "1881"]
[BlackElo "1808"]
[PlyCount "139"]
[EventDate "2011.??.??"]
[EventType "tourn (rapid)"]
[EventRounds "6"]
[SourceTitle "Corr 2013"]
[Source "ChessBase"]
[SourceDate "2012.11.12"]
[SourceVersion "1"]
[SourceVersionDate "2012.11.12"]
[SourceQuality "1"]

1. e4 e6 2. d4 d5 3. Nc3 Nf6 4. Bg5 Be7 5. e5 Nfd7 6. h4 Nc6 7. Nf3 Nb6 8. Qd2 h6 9. Be3 a5 10. Rh3 a4 11. Rg3 Bf8 12. a3 Na5 13. Qc1 Bd7 14. Bd3 Nbc4 15. Kf1 Qb8 16. Kg1 b5 17. Na2 Nxe3 18. Qxe3 Nc4 19. Qc1 g6 20. Rb1 c5 21. Qf4 Be7 22. dxc5 Qc7 23. Bxc4 bxc4 24. Nb4 Qxc5 25. c3 Bd8 26. Re1 h5 27. Ng5 Qf8 28. Rf3 Bxg5 29. hxg5 Bc8 30. Qf6 Bb7 31. Nc2 Bc6 32. Nd4 Bd7 33. Rh3 Rg8 34. g4 Rb8 35. Re2 hxg4 36. Rh7 Qe7 37. Kg2 Rf8 38. Kg3 Kd8 39. Kxg4 Rb7 40. f4 Rb8 41. f5 Qxf6 42. exf6 exf5+ 43. Kf4 Rb6 44. Re7 Be8 45. Rh2 Bd7 46. Ke5 Re8 47. Rxe8+ Bxe8 48. Kxd5 Rb7 49. Kxc4 Kc8 50. Kd5 Rd7+ 51. Ke5 Rc7 52. Rh8 Kd7 53. Kd5 Rc8 54. Nb5 f4 55. Rh2 Rd8 56. Rf2 Kc8+ 57. Kc5 Bxb5 58. Kxb5 Kd7 59. Kxa4 Ra8+ 60. Kb3 Ra5 61. Rxf4 Rxg5 62. Kc4 Ra5 63. Re4 Kd6 64. Re7 Rc5+ 65. Kd4 Rd5+ 66. Ke3 Rf5 67. Rxf7 Re5+ 68. Kd3 Rd5+ 69. Kc2 Ra5 70. Rg7 1-0

[Event "FICGS W-ch st1 g09 email"]
[Site "FICGS email"]
[Date "2011.04.01"]
[Round "1"]
[White "D'Ettorre, Rodolfo"]
[Black "Andrucis, Maris"]
[Result "1/2-1/2"]
[WhiteElo "2096"]
[BlackElo "1898"]
[PlyCount "65"]
[EventDate "2011.??.??"]
[EventType "tourn (corr)"]
[EventRounds "8"]
[SourceTitle "Corr 2013"]
[Source "ChessBase"]
[SourceDate "2012.11.12"]
[SourceVersion "1"]
[SourceVersionDate "2012.11.12"]
[SourceQuality "1"]

1. Nf3 Nf6 2. d4 d5 3. c4 e6 4. Nc3 Nc6 5. Bg5 Bb4 6. e3 h6 7. Bh4 g5 8. Bg3 Ne4 9. Qc2 h5 10. h3 Nxg3 11. fxg3 Qd6 12. Kf2 h4 13. g4 Bd7 14. Nb5 Qg3+ 15. Kg1 0-0-0 16. a3 Bf8 17. Nc3 Qd6 18. c5 Qe7 19. b4 Bg7 20. b5 Na5 21. c6 Be8 22. cxb7+ Kb8 23. Rc1 e5 24. Qf5 e4 25. Nxd5 Qd7 26. Nxc7 Qxf5 27. gxf5 exf3 28. Na6+ Kxb7 29. Nc5+ Kb8 30. Na6+ Kb7 31. Nc5+ Kb6 32. Na4+ Kb7 33. Nc5+ 1/2-1/2

[Event "FICGS rapid B 000176 email"]
[Site "FICGS email"]
[Date "2011.02.23"]
[Round "1"]
[White "Andrucis, Maris"]
[Black "Sternik, Ryszard"]
[Result "1/2-1/2"]
[WhiteElo "1868"]
[BlackElo "1833"]
[PlyCount "79"]
[EventDate "2011.??.??"]
[EventType "tourn (rapid)"]
[EventRounds "6"]
[SourceTitle "Corr 2013"]
[Source "ChessBase"]
[SourceDate "2012.11.12"]
[SourceVersion "1"]
[SourceVersionDate "2012.11.12"]
[SourceQuality "1"]

1. e4 e5 2. Nf3 Nc6 3. Bb5 a6 4. Ba4 Nf6 5. 0-0 Be7 6. d3 b5 7. Bb3 d6 8. a4 Bd7 9. Nc3 Na5 10. Ba2 0-0 11. axb5 axb5 12. Be3 c6 13. b4 Nb7 14. d4 Ng4 15. dxe5 Nxe3 16. fxe3 Bg4 17. h3 Bxf3 18. Qxf3 dxe5 19. Bxf7+ Kh8 20. Rxa8 Qxa8 21. Qh5 Qb8 22. Bg6 Rxf1+ 23. Kxf1 h6 24. Bf5 Bxb4 25. Qg6 Qg8 26. Qxc6 Na5 27. Qc7 Qc4+ 28. Qxc4 Nxc4 29. Nd5 Bc5 30. Ke2 b4 31. Be6 Nb6 32. Bf7 Nxd5 33. exd5 g5 34. e4 Kg7 35. Bh5 Kf6 36. Kd3 Ke7 37. Kc4 Bd6 38. Kb5 Kd7 39. Bg4+ Kc7 40. Be6 1/2-1/2

[Event "FICGS class B 000135 email"]
[Site "FICGS email"]
[Date "2011.01.07"]
[Round "1"]
[White "Andrucis, Maris"]
[Black "Martinez, Chapo"]
[Result "1/2-1/2"]
[WhiteElo "1868"]
[BlackElo "1918"]
[PlyCount "51"]
[EventDate "2011.??.??"]
[EventType "tourn (corr)"]
[EventRounds "6"]
[SourceTitle "Corr 2013"]
[Source "ChessBase"]
[SourceDate "2012.11.12"]
[SourceVersion "1"]
[SourceVersionDate "2012.11.12"]
[SourceQuality "1"]

1. e4 c5 2. Nc3 Nc6 3. Nf3 e6 4. Be2 a6 5. d4 cxd4 6. Nxd4 Qc7 7. f4 b5 8. Be3 Bb7 9. a3 Nf6 10. Bf3 d6 11. 0-0 Be7 12. f5 Nxd4 13. Qxd4 Rb8 14. fxe6 fxe6 15. Rf2 0-0 16. Raf1 h6 17. Qd3 Rbd8 18. Bd4 Rc8 19. Qe3 e5 20. Bb6 Qc4 21. h3 Kh8 22. Be2 Qc6 23. Bd3 Kg8 24. Ba7 Qc7 25. Qg3 Nh5 26. Qg4 1/2-1/2

[Event "FICGS class B 000135 email"]
[Site "FICGS email"]
[Date "2011.01.07"]
[Round "1"]
[White "Kasabasic, Djordje"]
[Black "Andrucis, Maris"]
[Result "1-0"]
[WhiteElo "1800"]
[BlackElo "1868"]
[PlyCount "123"]
[EventDate "2011.??.??"]
[EventType "tourn (corr)"]
[EventRounds "6"]
[SourceTitle "Corr 2013"]
[Source "ChessBase"]
[SourceDate "2012.11.12"]
[SourceVersion "1"]
[SourceVersionDate "2012.11.12"]
[SourceQuality "1"]

1. d4 Nf6 2. c4 g6 3. Nf3 Bg7 4. g3 0-0 5. Bg2 d5 6. cxd5 Nxd5 7. 0-0 Nc6 8. e4 Nb6 9. d5 Ne5 10. Nxe5 Bxe5 11. Nc3 Qd6 12. Qb3 Bd7 13. Be3 c6 14. Rfd1 Rfd8 15. Rd2 Rac8 16. dxc6 Qxc6 17. Bxb6 axb6 18. Rad1 Kg7 19. Bh3 Be6 20. Rxd8 Rxd8 21. Bxe6 Rxd1+ 22. Nxd1 fxe6 23. Qd3 b5 24. Kg2 Qc5 25. Qb3 Qd4 26. Qc2 Qb4 27. a3 Qa4 28. Qxa4 bxa4 29. f4 Bd4 30. e5 b5 31. Nc3 Be3 32. Ne2 Bc5 33. Kf3 b4 34. axb4 Bxb4 35. Nd4 Kf7 36. Nc6 Bc5 37. Nd8+ Ke8 38. Nxe6 Bg1 39. Nc7+ Kd7 40. Nb5 Bc5 41. Ke4 Bb4 42. Kd4 e6 43. Kc4 Be7 44. Nc3 a3 45. b4 g5 46. Kb3 Bd8 47. Kxa3 gxf4 48. gxf4 Bb6 49. Ne2 Kc6 50. Kb3 Kd5 51. Nc3+ Kc6 52. Kc4 Be3 53. Ne2 Kd7 54. b5 Bb6 55. Nd4 Ke7 56. Kd3 Kf7 57. Ke4 Bc7 58. f5 exf5+ 59. Nxf5 Ke6 60. Nd4+ Kd7 61. Kd5 Bb6 62. Ne6 1-0

[Event "FICGS rapid B 000165 email"]
[Site "FICGS email"]
[Date "2010.11.19"]
[Round "1"]
[White "Andrucis, Maris"]
[Black "Jabot, Daniel"]
[Result "1/2-1/2"]
[WhiteElo "1826"]
[BlackElo "1700"]
[PlyCount "79"]
[EventDate "2010.??.??"]
[EventType "tourn (rapid)"]
[EventRounds "6"]
[SourceTitle "Corr 2013"]
[Source "ChessBase"]
[SourceDate "2012.11.12"]
[SourceVersion "1"]
[SourceVersionDate "2012.11.12"]
[SourceQuality "1"]

1. e4 c5 2. Nc3 d6 3. Nf3 Nf6 4. Bc4 Nc6 5. d4 cxd4 6. Nxd4 Qb6 7. Nb3 e6 8. Be3 Qc7 9. 0-0 Be7 10. Nb5 Qb8 11. f3 0-0 12. Nc3 a6 13. f4 Qc7 14. Be2 b5 15. Bf3 Bb7 16. Qd2 Nd7 17. Qf2 Bf6 18. Rfd1 Rac8 19. a3 g6 20. Rd3 Be7 21. Rad1 Rfd8 22. R3d2 Bf8 23. h4 h5 24. Be2 Qb8 25. f5 Nce5 26. Bf4 exf5 27. exf5 Re8 28. Qg3 Kh8 29. Rf1 Bg7 30. Qg5 Qc7 31. Rfd1 Bf8 32. fxg6 fxg6 33. Kh1 Nb6 34. Bxe5+ Rxe5 35. Qxg6 Qe7 36. Rxd6 Qxh4+ 37. Kg1 Rg5 38. Qf6+ Kg8 39. Qe6+ Kh8 40. Qf6+ 1/2-1/2

[Event "FICGS rapid B 000165 email"]
[Site "FICGS email"]
[Date "2010.11.19"]
[Round "1"]
[White "Ropokis, Dimitrios"]
[Black "Andrucis, Maris"]
[Result "1/2-1/2"]
[WhiteElo "1848"]
[BlackElo "1826"]
[PlyCount "91"]
[EventDate "2010.??.??"]
[EventType "tourn (rapid)"]
[EventRounds "6"]
[SourceTitle "Corr 2013"]
[Source "ChessBase"]
[SourceDate "2012.11.12"]
[SourceVersion "1"]
[SourceVersionDate "2012.11.12"]
[SourceQuality "1"]

1. e4 e5 2. f4 exf4 3. Nf3 g5 4. d4 g4 5. Ne5 Qh4+ 6. g3 fxg3 7. Qxg4 g2+ 8. Qxh4 gxh1Q 9. Nxf7 Be7 10. Qh5 Qxe4+ 11. Kd1 Qxd4+ 12. Bd2 c6 13. Nxh8+ Kd8 14. Qxh7 Nf6 15. Qg7 d5 16. Nf7+ Ke8 17. Nh6 Na6 18. Nc3 Nc5 19. Ne2 Qf2 20. Bg2 Nfe4 21. Qg8+ Qf8 22. Qg6+ Kd7 23. Nf5 Bf6 24. c3 Be5 25. b4 Kc7 26. Nfd4 Nxd2 27. Kxd2 Na4 28. Rf1 Qd6 29. Rf7+ Bd7 30. Ne6+ Kb6 31. N6f4 Be8 32. Qxd6 Bxd6 33. Rf6 Kc7 34. Ne6+ Kd7 35. Bh3 Ke7 36. Rh6 Bxh2 37. Rh7+ Kf6 38. Rxb7 a5 39. bxa5 Rxa5 40. N2d4 Bd6 41. Rh7 Bg6 42. Nxc6 Bxh7 43. Nxa5 Be5 44. Nc6 Bxc3+ 45. Ke3 Bb1 46. a3 1/2-1/2

[Event "FICGS W-ch st1 g07 email"]
[Site "FICGS email"]
[Date "2010.07.02"]
[Round "1"]
[White "Hardfeldt, Pan"]
[Black "Andrucis, Maris"]
[Result "1-0"]
[WhiteElo "1940"]
[BlackElo "1800"]
[PlyCount "119"]
[EventDate "2010.??.??"]
[EventType "tourn (corr)"]
[EventRounds "6"]
[SourceTitle "Corr 2013"]
[Source "ChessBase"]
[SourceDate "2012.11.12"]
[SourceVersion "1"]
[SourceVersionDate "2012.11.12"]
[SourceQuality "1"]

1. d4 Nf6 2. Nf3 d5 3. c4 e6 4. Nc3 Nc6 5. a3 Be7 6. e3 0-0 7. Qc2 Na5 8. cxd5 exd5 9. b4 Nc6 10. b5 Nb8 11. Bd3 a6 12. 0-0 axb5 13. Nxb5 c6 14. Nc3 g6 15. Re1 Re8 16. Qb3 c5 17. Nxd5 Nxd5 18. Bc4 Nf6 19. Bxf7+ Kg7 20. Bxe8 Qxe8 21. Bb2 Qa4 22. Qc3 Nbd7 23. e4 c4 24. Qd2 Bd8 25. Qb4 Ra5 26. Ng5 Nb6 27. d5 Kg8 28. Bd4 Ra6 29. Rab1 Qxb4 30. Rxb4 Nfd7 31. Ne6 Be7 32. Rb5 Na8 33. Rc1 Ra4 34. e5 Kf7 35. Rc3 Bxa3 36. h3 b6 37. Rb1 Bf8 38. Nxf8 Nxf8 39. Bxb6 Bf5 40. Rb5 Nxb6 41. Rxb6 Be4 42. Rb5 Bd3 43. e6+ Nxe6 44. Rb7+ Kf6 45. dxe6 Ra1+ 46. Kh2 g5 47. e7 Re1 48. Kg3 Rxe7 49. Rxe7 Kxe7 50. Kg4 Kf6 51. Ra3 Ke5 52. Kxg5 Kd4 53. f4 c3 54. Ra1 c2 55. g4 Kc3 56. f5 Be2 57. f6 Kb2 58. Rg1 Bd1 59. Rg2 Kb1 60. Rxc2 1-0